000 00452nam a2200181Ia 4500
005 20250923144345.0
008 008 250917s9999 xx 000 0 eng d
037 _aTextual
040 _aDSWL
_beng
_cDSWL
041 _aeng
_2eng
084 _qDSWL
100 _aBuhler, C
_9824042
245 0 _aFrom birth to maturity
_cby C Buhler
260 _aLondon
_c1947
300 _a237 p.
942 _cTEXL
999 _c1437848
_d1437848